000 00905nam a22002297a 4500
003 OSt
005 20251017171728.0
008 240201b ||||| |||| 00| 0 eng d
040 _c0
082 _aDPer 621.317 Ie21 January 2022 v. 37 n. 1
100 _aXie, Lihong.
_eauthor.
_951118
245 _aNon-isolated DC-DC converters with low common-mode noise by using split winding configuration /
_cLihong Xie and Xibo Yuan.
260 _aNew York ;
_bThe Institute of Electrical and Electronics Engineers, Inc. ,
_cJanuary 2022.
300 _aVolume 37, pages 452-461 :
_billustration ;
_c28 cm.
500 _aIEEE Transactions on Power Electronics, v. 37 n. 1, pages 452-461, January 2022.
650 0 _aInductors.
_965801
650 0 _aBuck converters.
_965850
650 0 _aWindings.
_965851
700 _aXie, Lihong.
_eauthor.
_951118
700 _aYuan, Xibo.
_eauthor.
_951119
942 _2ddc
_cPER
999 _c18857
_d18857